The theory of employment in the periphery

Αποθηκεύτηκε σε:
Λεπτομέρειες βιβλιογραφικής εγγραφής
Κύριος συγγραφέας: Zarembka, Paul
Μορφή: Βιβλίο
Γλώσσα:Undetermined
Έκδοση: Geneve International Labour Office 1975
Θέματα:
Ετικέτες: Προσθήκη ετικέτας
Δεν υπάρχουν, Καταχωρήστε ετικέτα πρώτοι!
Thư viện lưu trữ: Trung tâm Học liệu Trường Đại học Cần Thơ
LEADER 00494nam a2200181Ia 4500
001 CTU_87968
008 210402s9999 xx 000 0 und d
082 |a 331.1 
082 |b Z36 
100 |a Zarembka, Paul 
245 4 |a The theory of employment in the periphery 
245 0 |c Paul Zarembka 
260 |a Geneve 
260 |b International Labour Office 
260 |c 1975 
650 |a Occupations 
904 |i Trọng Hiếu 
980 |a Trung tâm Học liệu Trường Đại học Cần Thơ